[Event "Titled Tuesday intern op 07th Feb Late"]
[Site "Chess.com INT"]
[Date "2023.02.07"]
[Round "8"]
[White "Alexikov, Alexander"]
[Black "Mohammadian, Mohammad"]
[Result "1-0"]
[WhiteElo "2223"]
[BlackElo "1398"]
[PlyCount "71"]
[EventDate "2023.02.07"]
[EventType "swiss (blitz)"]
[EventRounds "11"]
[EventCountry "USA"]
[SourceTitle "EXT 2024"]
[Source "ChessBase"]
[SourceDate "2023.10.10"]
[SourceVersion "1"]
[SourceVersionDate "2023.10.10"]
[SourceQuality "1"]

1. e4 e5 2. Nf3 Nc6 3. c3 Nf6 4. d4 exd4 5. e5 Nd5 6. Bb5 Bc5 7. 0-0 0-0 8. cxd4 Bb6 9. Bc4 Nde7 10. d5 Nb8 11. Nc3 Ng6 12. Bg5 Qe8 13. Re1 d6 14. exd6 Qd7 15. Be7 Nxe7 16. dxe7 Re8 17. Bb5 c6 18. dxc6 bxc6 19. Qxd7 Bxd7 20. Bc4 Bg4 21. Rad1 Nd7 22. h3 Bxf3 23. Rxd7 Bh5 24. g4 Bg6 25. Kg2 Rac8 26. f4 h6 27. f5 Bh7 28. Kf3 g6 29. f6 g5 30. Ne4 Bxe4+ 31. Kxe4 c5 32. Ke5 Rc6 33. Red1 Rcc8 34. Kd6 Ba5 35. Rd3 Bb6 36. Rd5 1-0

[Event "Titled Tuesday intern op 07th Feb Late"]
[Site "Chess.com INT"]
[Date "2023.02.07"]
[Round "5"]
[White "Mohammadian, Mohammad"]
[Black "Antonio, Jorge Carlos"]
[Result "0-1"]
[WhiteElo "1398"]
[BlackElo "2277"]
[PlyCount "100"]
[EventDate "2023.02.07"]
[EventType "swiss (blitz)"]
[EventRounds "11"]
[EventCountry "USA"]
[SourceTitle "EXT 2024"]
[Source "ChessBase"]
[SourceDate "2023.10.10"]
[SourceVersion "1"]
[SourceVersionDate "2023.10.10"]
[SourceQuality "1"]

1. e4 c5 2. Nf3 e6 3. d4 cxd4 4. Nxd4 a6 5. Nc3 Nc6 6. Be3 Nf6 7. Be2 Bb4 8. f3 d5 9. exd5 exd5 10. 0-0 0-0 11. Qd3 Re8 12. a3 Rxe3 13. Qxe3 Bc5 14. Kh1 Bxd4 15. Qd3 Bb6 16. Rad1 Be6 17. Qd2 Qc7 18. Qg5 h6 19. Qg3 Qxg3 20. hxg3 Nh5 21. Kh2 Bc7 22. f4 Nf6 23. Bd3 Ng4+ 24. Kg1 Ne3 25. f5 Nxd1 26. fxe6 Nxc3 27. exf7+ Kf8 28. bxc3 Ne5 29. c4 Nxd3 30. cxd3 dxc4 31. dxc4 Rd8 32. Rf3 Rd7 33. Rb3 Bd6 34. a4 Kxf7 35. Kf1 Bc5 36. Ke2 b6 37. Kf3 a5 38. Kg4 Rd4+ 39. Kh5 Rxc4 40. Rf3+ Kg8 41. Kg6 Rg4+ 42. Kf5 Rxa4 43. Ke6 Rg4 44. Kd7 a4 45. Ke8 a3 46. Kd7 a2 47. Rf1 Rxg3 48. Ra1 Rxg2 49. Kc6 h5 50. Kb5 h4 0-1

[Event "Titled Tuesday intern op 07th Feb Early"]
[Site "Chess.com INT"]
[Date "2023.02.07"]
[Round "6"]
[White "Mohammadian, Mohammad"]
[Black "Horak, Martin"]
[Result "0-1"]
[WhiteElo "1398"]
[BlackElo "2220"]
[PlyCount "176"]
[EventDate "2023.02.07"]
[EventType "swiss (blitz)"]
[EventRounds "11"]
[EventCountry "USA"]
[SourceTitle "EXT 2024"]
[Source "ChessBase"]
[SourceDate "2023.10.10"]
[SourceVersion "1"]
[SourceVersionDate "2023.10.10"]
[SourceQuality "1"]

1. e4 c5 2. Nf3 Nc6 3. d4 cxd4 4. Nxd4 g6 5. Be3 Bg7 6. Nc3 Nf6 7. Be2 0-0 8. Qd2 d5 9. exd5 Nxd5 10. Nxd5 Qxd5 11. Nxc6 Qxc6 12. Bf3 Qb5 13. c3 Be6 14. Be2 Bc4 15. Bxc4 Qxc4 16. Qe2 b5 17. Qxc4 bxc4 18. 0-0 Rfb8 19. Rab1 Rb7 20. Rfd1 Rab8 21. Bd4 Rxb2 22. Rxb2 Rxb2 23. Bxg7 Kxg7 24. f3 Rxa2 25. Rd4 Ra4 26. Rd7 Kf6 27. Rc7 Ke6 28. Kf2 Kd6 29. Rc8 e5 30. Ke3 f5 31. g3 Ra2 32. h4 Rg2 33. Rxc4 Rxg3 34. Kf2 f4 35. Ra4 Rh3 36. Rxa7 Rxh4 37. Ra6+ Kd5 38. Ra5+ Ke6 39. c4 Rh2+ 40. Kf1 Rc2 41. Ra6+ Kf5 42. Ra7 h5 43. Ra4 h4 44. Kg1 h3 45. Kh1 g5 46. Rb4 g4 47. fxg4+ Kxg4 48. c5 Rxc5 49. Re4 Kf3 50. Re1 e4 51. Rf1+ Kg4 52. Rg1+ Kf5 53. Kh2 e3 54. Kxh3 Ke4 55. Rg8 Kf3 56. Kh2 e2 57. Re8 Rc1 58. Re7 Rf1 59. Rxe2 Kxe2 60. Kg2 Rf3 61. Kg1 Ke3 62. Kg2 Ke4 63. Kg1 Re3 64. Kf2 Rd3 65. Ke2 Rd4 66. Kf2 Rd5 67. Ke2 Re5 68. Kf2 Rf5 69. Ke2 Rg5 70. Kf2 Rg7 71. Ke2 f3+ 72. Kf2 Kf4 73. Kf1 Ra7 74. Kf2 Ra6 75. Kf1 Ra2 76. Ke1 Kg5 77. Kf1 Kh6 78. Ke1 Kh7 79. Kf1 Kh8 80. Ke1 Kg8 81. Kf1 Kf8 82. Ke1 Ke8 83. Kf1 Ke7 84. Ke1 Kf6 85. Kf1 Ke5 86. Ke1 Kf4 87. Kf1 Ke3 88. Ke1 Ra1# 0-1

[Event "Titled Tuesday intern op 31st Jan Early"]
[Site "Chess.com INT"]
[Date "2023.01.31"]
[Round "2"]
[White "Belov, Alexei"]
[Black "Mohammadian, Mohammad"]
[Result "1-0"]
[WhiteElo "2421"]
[BlackElo "1398"]
[PlyCount "39"]
[EventDate "2023.01.31"]
[EventType "swiss (blitz)"]
[EventRounds "11"]
[EventCountry "USA"]
[SourceTitle "CBM 212 Extra"]
[Source "ChessBase"]
[SourceDate "2023.03.31"]
[SourceVersion "1"]
[SourceVersionDate "2023.03.31"]
[SourceQuality "1"]

1. e4 e5 2. Nf3 Nc6 3. Bb5 a6 4. Ba4 Nf6 5. d4 exd4 6. 0-0 d6 7. Nxd4 Bd7 8. Bxc6 bxc6 9. Qf3 Be7 10. e5 dxe5 11. Nxc6 Bxc6 12. Qxc6+ Nd7 13. Rd1 Bd6 14. Nc3 0-0 15. Ne4 Nf6 16. Bg5 h6 17. Nxf6+ gxf6 18. Bxh6 Re8 19. Qf3 f5 20. Qg3+ 1-0

[Event "Titled Tuesday intern op 31st Jan Early"]
[Site "Chess.com INT"]
[Date "2023.01.31"]
[Round "10"]
[White "Mohammadian, Mohammad"]
[Black "Quirke, Jeffrey"]
[Result "0-1"]
[WhiteElo "1398"]
[BlackElo "2029"]
[PlyCount "76"]
[EventDate "2023.01.31"]
[EventType "swiss (blitz)"]
[EventRounds "11"]
[EventCountry "USA"]
[SourceTitle "CBM 212 Extra"]
[Source "ChessBase"]
[SourceDate "2023.03.31"]
[SourceVersion "1"]
[SourceVersionDate "2023.03.31"]
[SourceQuality "1"]

1. e4 c5 2. Nf3 g6 3. d4 cxd4 4. Nxd4 Nf6 5. Nc3 d6 6. Be2 Bg7 7. Be3 0-0 8. Qd2 Nc6 9. 0-0-0 Bd7 10. f3 Rc8 11. Kb1 Ne5 12. Bh6 Nc4 13. Bxc4 Rxc4 14. Bxg7 Kxg7 15. h4 h5 16. g4 Qa5 17. Nd5 Qxd2 18. Rxd2 hxg4 19. Nxf6 exf6 20. fxg4 Bxg4 21. b3 Rc5 22. Rg1 Bc8 23. Nf3 Re8 24. Rxd6 Rxe4 25. Rf1 Rf4 26. Nd2 Rxf1+ 27. Nxf1 Bf5 28. Rd2 Be4 29. Ne3 f5 30. Ng2 Rc3 31. Nf4 Rf3 32. Nd5 Rh3 33. Nc7 Rxh4 34. Ne8+ Kf8 35. Rd8 Ke7 36. Rb8 f4 37. Nc7 f3 38. Nb5 f2 0-1

[Event "Titled Tuesday intern op 10th Jan Early"]
[Site "Chess.com INT"]
[Date "2023.01.10"]
[Round "9"]
[White "De Souza, Cristiano Gomes"]
[Black "Mohammadian, Mohammad"]
[Result "1-0"]
[WhiteElo "2018"]
[BlackElo "1398"]
[PlyCount "59"]
[EventDate "2023.01.10"]
[EventType "swiss (blitz)"]
[EventRounds "11"]
[EventCountry "USA"]
[SourceTitle "EXT 2024"]
[Source "ChessBase"]
[SourceDate "2023.10.10"]
[SourceVersion "1"]
[SourceVersionDate "2023.10.10"]
[SourceQuality "1"]

1. d4 Nf6 2. c4 g6 3. Nc3 d5 4. Bf4 Bg7 5. e3 0-0 6. Nf3 c6 7. Rc1 e6 8. h3 Nbd7 9. Ne5 Nxe5 10. Bxe5 Nd7 11. Bxg7 Kxg7 12. Be2 Nf6 13. 0-0 Re8 14. f3 e5 15. Qd2 e4 16. f4 Be6 17. cxd5 cxd5 18. Nb5 Re7 19. Qb4 a6 20. Na3 Rc7 21. Rc3 Rac8 22. Rfc1 Rxc3 23. Rxc3 Rxc3 24. Qxc3 Qd7 25. g4 Qd8 26. Qc5 Nd7 27. Qd6 Nf8 28. Qxd8 h6 29. Qc7 Nh7 30. Qxb7 1-0

[Event "Titled Tuesday intern op 10th Jan Early"]
[Site "Chess.com INT"]
[Date "2023.01.10"]
[Round "1"]
[White "Lymar, Vladislav"]
[Black "Mohammadian, Mohammad"]
[Result "1-0"]
[WhiteElo "2066"]
[BlackElo "1398"]
[PlyCount "79"]
[EventDate "2023.01.10"]
[EventType "swiss (blitz)"]
[EventRounds "11"]
[EventCountry "USA"]
[SourceTitle "EXT 2024"]
[Source "ChessBase"]
[SourceDate "2023.10.10"]
[SourceVersion "1"]
[SourceVersionDate "2023.10.10"]
[SourceQuality "1"]

1. e4 e5 2. Nf3 Nc6 3. Nc3 Nf6 4. a3 d6 5. d4 Bg4 6. d5 Nd4 7. Be2 Nxe2 8. Qxe2 Be7 9. 0-0 0-0 10. Be3 Qd7 11. h3 Bh5 12. a4 a5 13. Rad1 Rfe8 14. Kh2 h6 15. Rg1 Kh8 16. g4 Bg6 17. Bc1 b6 18. Nh4 Bh7 19. Nf5 Ng8 20. Nb5 g6 21. Nxh6 Nxh6 22. Bxh6 Bf8 23. Qe3 Kg8 24. Bxf8 Rxf8 25. Qh6 f6 26. Rd3 Rf7 27. h4 Rg7 28. Qd2 Kf7 29. Rf3 Ke7 30. g5 fxg5 31. Qxg5+ Ke8 32. Qf6 Qe7 33. Nxc7+ Qxc7 34. Qf8+ Kd7 35. Qxg7+ Kc8 36. Rf8+ Kb7 37. Qxc7+ Kxc7 38. Rxa8 g5 39. Ra7+ Kb8 40. Rxh7 1-0

[Event "Titled Tuesday intern op 03rd Jan Early"]
[Site "Chess.com INT"]
[Date "2023.01.03"]
[Round "1"]
[White "Hnydiuk, Aleksander"]
[Black "Mohammadian, Mohammad"]
[Result "1-0"]
[WhiteElo "2364"]
[BlackElo "1398"]
[PlyCount "43"]
[EventDate "2023.01.03"]
[EventType "swiss (blitz)"]
[EventRounds "11"]
[EventCountry "USA"]
[SourceTitle "EXT 2024"]
[Source "ChessBase"]
[SourceDate "2023.10.10"]
[SourceVersion "1"]
[SourceVersionDate "2023.10.10"]
[SourceQuality "1"]

1. e4 e5 2. Nf3 Nc6 3. d4 exd4 4. Nxd4 Bc5 5. Nxc6 Qf6 6. Qf3 Qxf3 7. gxf3 bxc6 8. Rg1 g6 9. Be3 Bb6 10. Nc3 Ne7 11. 0-0-0 d6 12. h4 Be6 13. h5 0-0-0 14. f4 f5 15. Bh3 Rhg8 16. Rg5 gxh5 17. Rxh5 Rg7 18. exf5 Bf7 19. f6+ Kb8 20. fxe7 Bxh5 21. exd8Q+ Kb7 22. Qc8# 1-0

[Event "Titled Tuesday intern op 03rd Jan Early"]
[Site "Chess.com INT"]
[Date "2023.01.03"]
[Round "7"]
[White "Mohammadian, Mohammad"]
[Black "Melikhov, Evgeny V"]
[Result "0-1"]
[WhiteElo "1398"]
[BlackElo "2269"]
[PlyCount "92"]
[EventDate "2023.01.03"]
[EventType "swiss (blitz)"]
[EventRounds "11"]
[EventCountry "USA"]
[SourceTitle "EXT 2024"]
[Source "ChessBase"]
[SourceDate "2023.10.10"]
[SourceVersion "1"]
[SourceVersionDate "2023.10.10"]
[SourceQuality "1"]

1. e4 c5 2. Nf3 d6 3. d4 cxd4 4. Ne5 dxe5 5. f4 Nc6 6. fxe5 Nxe5 7. Bf4 Nc6 8. Bd3 e5 9. Bg3 Nf6 10. a3 Ng4 11. Qe2 Ne3 12. Rg1 Be7 13. Nd2 0-0 14. Nf3 Qa5+ 15. Qd2 Qxd2+ 16. Kxd2 f6 17. b4 a6 18. Rac1 Bg4 19. c4 Nxg2 20. Rxg2 Bxf3 21. Rf2 Bg4 22. c5 Be6 23. Rcf1 Rfc8 24. h4 a5 25. b5 Nd8 26. c6 bxc6 27. bxc6 Rxc6 28. Bb5 Rb6 29. a4 Rc8 30. h5 h6 31. Bh4 Nf7 32. Rg2 Ng5 33. Bxg5 hxg5 34. Rh2 Kh7 35. Rfh1 Bb4+ 36. Kd1 Bb3+ 37. Ke2 Bc4+ 38. Bxc4 Rxc4 39. h6 g6 40. Kd3 Rc3+ 41. Ke2 Rc2+ 42. Kf3 Rbc6 43. Kg4 Rxh2 44. Rxh2 d3 45. Rf2 d2 46. Rf1 Rc1 0-1

[Event "Titled Tuesday intern op 27th Dec Early"]
[Site "Chess.com INT"]
[Date "2022.12.27"]
[Round "5"]
[White "Mohammadian, Mohammad"]
[Black "Araujo, Everson de Moura"]
[Result "0-1"]
[WhiteElo "1398"]
[BlackElo "1956"]
[PlyCount "150"]
[EventDate "2022.12.27"]
[EventType "swiss (blitz)"]
[EventRounds "11"]
[EventCountry "USA"]
[SourceTitle "EXT 2024"]
[Source "ChessBase"]
[SourceDate "2023.10.10"]
[SourceVersion "1"]
[SourceVersionDate "2023.10.10"]
[SourceQuality "1"]

1. e4 e6 2. d4 d5 3. Nd2 Nf6 4. e5 Nfd7 5. Bd3 c5 6. c3 Nc6 7. Ne2 Qb6 8. Nf3 cxd4 9. cxd4 Bb4+ 10. Bd2 h6 11. 0-0 Bxd2 12. Qxd2 0-0 13. Rac1 f6 14. exf6 Nxf6 15. Bb1 Bd7 16. Rc3 Rac8 17. Rfc1 Ne7 18. Rxc8 Rxc8 19. Rxc8+ Nxc8 20. Ne5 Nd6 21. Ng3 Be8 22. Qc2 Qd8 23. f3 Nf7 24. Nxf7 Bxf7 25. Ne2 Kh8 26. Nf4 Qe8 27. Ng6+ Bxg6 28. Qxg6 Qxg6 29. Bxg6 Kg8 30. Kf2 Kf8 31. Ke3 Ke7 32. h4 Kd6 33. a3 a5 34. Kd3 b5 35. Kc3 Nd7 36. b4 a4 37. Bd3 Kc6 38. Bg6 Nf8 39. Bd3 g5 40. hxg5 hxg5 41. g3 Nd7 42. f4 gxf4 43. gxf4 Nb6 44. f5 exf5 45. Bxf5 Nc4 46. Bg6 Nxa3 47. Be8+ Kb6 48. Bf7 Kc6 49. Be8+ Kd6 50. Kb2 Nc4+ 51. Kc3 Na3 52. Kb2 Nc4+ 53. Ka2 Nd2 54. Bxb5 Nf3 55. Bxa4 Nxd4 56. Bd1 Kc6 57. Ka3 Kb5 58. Ba4+ Kc4 59. Bd1 Nb5+ 60. Ka4 Nc3+ 61. Ka5 Nxd1 62. b5 Nb2 63. Ka6 Nd3 64. b6 Nc5+ 65. Ka7 d4 66. b7 Nxb7 67. Kxb7 d3 68. Kb6 d2 69. Kb7 d1Q 70. Kb6 Qd5 71. Ka7 Qb5 72. Ka8 Qb2 73. Ka7 Kc5 74. Ka8 Kc6 75. Ka7 Qb7# 0-1

[Event "Titled Tuesday intern op 27th Dec Early"]
[Site "Chess.com INT"]
[Date "2022.12.27"]
[Round "8"]
[White "Mohammadian, Mohammad"]
[Black "Koridze, Lile"]
[Result "0-1"]
[WhiteElo "1398"]
[BlackElo "2139"]
[PlyCount "74"]
[EventDate "2022.12.27"]
[EventType "swiss (blitz)"]
[EventRounds "11"]
[EventCountry "USA"]
[SourceTitle "EXT 2024"]
[Source "ChessBase"]
[SourceDate "2023.10.10"]
[SourceVersion "1"]
[SourceVersionDate "2023.10.10"]
[SourceQuality "1"]

1. e4 c5 2. Nf3 d6 3. d4 cxd4 4. Nxd4 Nf6 5. Nc3 a6 6. Be2 e5 7. Nb3 Be7 8. Be3 0-0 9. 0-0 Be6 10. Qe1 b5 11. a3 Nbd7 12. Rd1 Qc7 13. f3 Nb6 14. Rd2 Rfd8 15. Qf2 Nc4 16. Bxc4 Qxc4 17. Rfd1 d5 18. exd5 Nxd5 19. Nxd5 Rxd5 20. Rxd5 Bxd5 21. Rd2 Be6 22. h3 h6 23. Nc5 Bxc5 24. Bxc5 Rc8 25. Bb4 e4 26. fxe4 Qxe4 27. Bc3 Qg6 28. Kh2 Rc4 29. Rd8+ Kh7 30. Qe2 Rh4 31. Rd3 Qf5 32. Rg3 f6 33. Qe3 Re4 34. Qa7 Bd7 35. Qxa6 Qf4 36. Qb7 Re3 37. Be1 Qd6 0-1

[Event "Titled Tuesday intern op 27th Dec Early"]
[Site "Chess.com INT"]
[Date "2022.12.27"]
[Round "11"]
[White "Mohammadian, Mohammad"]
[Black "Magallanes, Rey Jomar"]
[Result "0-1"]
[WhiteElo "1398"]
[BlackElo "2032"]
[PlyCount "98"]
[EventDate "2022.12.27"]
[EventType "swiss (blitz)"]
[EventRounds "11"]
[EventCountry "USA"]
[SourceTitle "EXT 2024"]
[Source "ChessBase"]
[SourceDate "2023.10.10"]
[SourceVersion "1"]
[SourceVersionDate "2023.10.10"]
[SourceQuality "1"]

1. e4 c5 2. Nf3 d6 3. d4 cxd4 4. Nxd4 Nf6 5. Nc3 a6 6. Be2 e5 7. Nb3 Be6 8. Be3 Be7 9. 0-0 0-0 10. Qe1 Nbd7 11. Rd1 Qc7 12. f3 Rac8 13. Qf2 Nc5 14. Nxc5 dxc5 15. Rd2 Rfd8 16. Rfd1 h6 17. Rxd8+ Bxd8 18. Rd2 Be7 19. h3 b5 20. a3 Bd6 21. Qe1 c4 22. Qd1 Bc5 23. Bxc5 Qxc5+ 24. Kh2 Qc7 25. Nd5 Bxd5 26. exd5 e4+ 27. d6 Qd7 28. fxe4 Nxe4 29. Bg4 f5 30. Re2 fxg4 31. Rxe4 gxh3 32. gxh3 Rf8 33. Qd2 Rf6 34. Rd4 Rf3 35. Rh4 Qf7 36. d7 Rf2+ 37. Qxf2 Qxf2+ 38. Kh1 Qxh4 39. Kh2 Qd8 40. Kg2 Qxd7 41. Kf3 Qd2 42. Ke4 Qxc2+ 43. Kd5 Qxb2 44. Kd6 c3 45. Kc5 c2 46. Kb6 c1Q 47. a4 bxa4+ 48. Kxa6 Qc6+ 49. Ka5 Qbb5# 0-1

[Event "Titled Tuesday intern op 27th Dec Early"]
[Site "Chess.com INT"]
[Date "2022.12.27"]
[Round "4"]
[White "Mohammadian, Mohammad"]
[Black "Rose, Felix"]
[Result "0-1"]
[WhiteElo "1398"]
[BlackElo "2091"]
[PlyCount "98"]
[EventDate "2022.12.27"]
[EventType "swiss (blitz)"]
[EventRounds "11"]
[EventCountry "USA"]
[SourceTitle "EXT 2024"]
[Source "ChessBase"]
[SourceDate "2023.10.10"]
[SourceVersion "1"]
[SourceVersionDate "2023.10.10"]
[SourceQuality "1"]

1. e4 e5 2. Nf3 Nc6 3. Bb5 a6 4. Ba4 Nf6 5. 0-0 Be7 6. Re1 b5 7. Bb3 d6 8. h3 Na5 9. Nc3 0-0 10. d3 Bb7 11. Bg5 Nxb3 12. axb3 h6 13. Bh4 c5 14. Bg3 b4 15. Ne2 Re8 16. Qd2 Nh5 17. Bh2 Bf8 18. Kh1 Qf6 19. Ng3 Nf4 20. Nf5 g6 21. Bxf4 exf4 22. Qxf4 gxf5 23. exf5 Bxf3 24. Qxf3 Qxb2 25. Rac1 Qf6 26. g4 Bg7 27. Kg2 Qh4 28. Re4 Qg5 29. Rce1 Be5 30. Qe2 Red8 31. Qf3 a5 32. R4e2 Qf4 33. Qxf4 Bxf4 34. Re7 Be5 35. Rb7 a4 36. bxa4 Rxa4 37. f4 Bxf4 38. Ree7 Rf8 39. Kf3 Be5 40. Ke2 Ra2 41. Kd1 Ra1+ 42. Ke2 Rh1 43. Red7 Rh2+ 44. Kf3 Rxh3+ 45. Kg2 Rg3+ 46. Kf2 Rxg4 47. Kf3 Rf4+ 48. Ke3 Rxf5 49. Kd2 Bc3+ 0-1

[Event "Titled Tuesday intern op 27th Dec Early"]
[Site "Chess.com INT"]
[Date "2022.12.27"]
[Round "10"]
[White "Mohammadian, Mohammad"]
[Black "Sovetbekova, Nurai"]
[Result "1-0"]
[WhiteElo "1398"]
[BlackElo "2011"]
[PlyCount "97"]
[EventDate "2022.12.27"]
[EventType "swiss (blitz)"]
[EventRounds "11"]
[EventCountry "USA"]
[SourceTitle "EXT 2024"]
[Source "ChessBase"]
[SourceDate "2023.10.10"]
[SourceVersion "1"]
[SourceVersionDate "2023.10.10"]
[SourceQuality "1"]

1. e4 c5 2. Nf3 d6 3. d4 cxd4 4. Nxd4 Nf6 5. Nc3 a6 6. Be2 e5 7. Nb3 Be7 8. Be3 Be6 9. 0-0 0-0 10. Qe1 Nbd7 11. Rd1 Qc7 12. f3 Nc5 13. Nxc5 dxc5 14. Qf2 b5 15. a3 Rfd8 16. Kh1 Qc6 17. Qg3 Qc7 18. Qf2 Rac8 19. h3 Qc6 20. Qg3 Qc7 21. Qf2 Rb8 22. f4 exf4 23. Bxf4 Qb7 24. Bxb8 Rxb8 25. Rd2 Nxe4 26. Nxe4 Qxe4 27. Bd3 Qc6 28. Rfd1 Bxh3 29. Qg3 Be6 30. Qxb8+ Bf8 31. Bxh7+ Kxh7 32. Qxf8 Qe4 33. Rd8 Qh4+ 34. Kg1 Qg4 35. Qh8+ Kg6 36. Qh3 Qxd1+ 37. Rxd1 Bxh3 38. gxh3 Kf5 39. Kg2 Ke4 40. Kf2 f5 41. Rd7 g5 42. Rg7 Kf4 43. Rg8 a5 44. Rb8 b4 45. axb4 axb4 46. Rc8 g4 47. hxg4 fxg4 48. Rxc5 g3+ 49. Kg2 1-0

[Event "Titled Tuesday intern op 18th Oct Early"]
[Site "Chess.com INT"]
[Date "2022.10.18"]
[Round "1"]
[White "Manukian, Artak"]
[Black "Mohammadian, Mohammad"]
[Result "1-0"]
[WhiteElo "2196"]
[BlackElo "1398"]
[PlyCount "79"]
[EventDate "2022.10.18"]
[EventType "swiss (blitz)"]
[EventRounds "11"]
[EventCountry "USA"]
[SourceTitle "EXT 2024"]
[Source "ChessBase"]
[SourceDate "2023.10.10"]
[SourceVersion "1"]
[SourceVersionDate "2023.10.10"]
[SourceQuality "1"]

1. e4 e5 2. Nf3 Nc6 3. d4 exd4 4. Nxd4 Bc5 5. Nxc6 Qf6 6. Qf3 Qxf3 7. gxf3 bxc6 8. Bc4 Nf6 9. Nc3 Bb4 10. Bd2 Bxc3 11. Bxc3 d5 12. Bxf6 gxf6 13. exd5 cxd5 14. Bxd5 Rb8 15. 0-0-0 Be6 16. Rhe1 Ke7 17. f4 f5 18. c4 Rhg8 19. Re5 Kf6 20. Bxe6 fxe6 21. Rde1 Rbe8 22. Rc5 Re7 23. Ra5 Rg2 24. Re2 Rxh2 25. Rxa7 Rg2 26. Ra8 h6 27. a4 Rg4 28. a5 Rxf4 29. b3 h5 30. a6 h4 31. a7 c5 32. Rf8+ Kg5 33. a8Q Kg4 34. f3+ Kh3 35. Rh8 Rg7 36. Qb8 Rg1+ 37. Kc2 Rg2 38. Rxg2 Rxc4+ 39. bxc4 Kxg2 40. Rxh4 1-0

[Event "Titled Tuesday intern op 18th Oct Late"]
[Site "Chess.com INT"]
[Date "2022.10.18"]
[Round "6"]
[White "Mohammadian, Mohammad"]
[Black "Antonio, Jorge Carlos"]
[Result "0-1"]
[WhiteElo "1398"]
[BlackElo "2277"]
[PlyCount "52"]
[EventDate "2022.10.18"]
[EventType "swiss (blitz)"]
[EventRounds "11"]
[EventCountry "USA"]
[SourceTitle "EXT 2024"]
[Source "ChessBase"]
[SourceDate "2023.10.10"]
[SourceVersion "1"]
[SourceVersionDate "2023.10.10"]
[SourceQuality "1"]

1. e4 c5 2. Nf3 e6 3. d4 cxd4 4. Nxd4 a6 5. Nc3 Nc6 6. Be3 Bb4 7. a3 Bxc3+ 8. bxc3 Nf6 9. Bd3 0-0 10. 0-0 d5 11. exd5 exd5 12. f3 Ne5 13. Qe2 Be6 14. Qf2 Rc8 15. Bd2 Nc4 16. Bxc4 Rxc4 17. Rab1 b5 18. Rb4 Qc7 19. Qe2 Re8 20. Rxc4 dxc4 21. Qd1 Bd7 22. Re1 Rxe1+ 23. Qxe1 Qd6 24. Qe3 Qxa3 25. Qe7 Qxe7 26. Kf2 Nd5 0-1

[Event "Titled Tuesday intern op 18th Oct Late"]
[Site "Chess.com INT"]
[Date "2022.10.18"]
[Round "11"]
[White "Mohammadian, Mohammad"]
[Black "Curtis, John"]
[Result "0-1"]
[WhiteElo "1398"]
[BlackElo "2292"]
[PlyCount "136"]
[EventDate "2022.10.18"]
[EventType "swiss (blitz)"]
[EventRounds "11"]
[EventCountry "USA"]
[SourceTitle "EXT 2024"]
[Source "ChessBase"]
[SourceDate "2023.10.10"]
[SourceVersion "1"]
[SourceVersionDate "2023.10.10"]
[SourceQuality "1"]

1. e4 e5 2. Nf3 Nc6 3. Bb5 a6 4. Ba4 Nf6 5. 0-0 b5 6. Bb3 Be7 7. Re1 0-0 8. d3 d6 9. Nc3 Na5 10. Be3 c5 11. Bd5 Rb8 12. a3 Nxd5 13. Nxd5 Nc6 14. Nxe7+ Qxe7 15. b3 f5 16. exf5 Bxf5 17. Bd2 Bg4 18. Re3 Nd4 19. c3 Bxf3 20. gxf3 Nf5 21. Re1 Nh4 22. f4 Qb7 23. Qg4 Nf3+ 24. Kf1 Nxd2+ 25. Ke2 Rxf4 26. Qe6+ Qf7 27. Qxf7+ Kxf7 28. Kxd2 Rxf2+ 29. Re2 Rxe2+ 30. Kxe2 d5 31. Rf1+ Ke6 32. Rf2 Re8 33. Rg2 Re7 34. Kd2 Rf7 35. a4 g6 36. axb5 axb5 37. c4 Ra7 38. Kc1 bxc4 39. bxc4 dxc4 40. dxc4 Ra3 41. Kb2 Rf3 42. Rc2 e4 43. Re2 Ke5 44. Kc2 Kd4 45. Rd2+ Kxc4 46. Rd7 Rf2+ 47. Kd1 Rxh2 48. Re7 Kd3 49. Rd7+ Ke3 50. Kc1 g5 51. Rc7 g4 52. Rxc5 Kd4 53. Rc7 h5 54. Rd7+ Kc3 55. Rc7+ Kd3 56. Rd7+ Ke2 57. Re7 e3 58. Kc2 g3 59. Re5 h4 60. Kc3 Rh1 61. Kd4 Rd1+ 62. Ke4 g2 63. Rg5 g1Q 64. Rxg1 Rxg1 65. Kf4 Kf2 66. Ke4 e2 67. Kf4 e1Q 68. Kf5 h3 0-1

[Event "Titled Tuesday intern op 18th Oct Late"]
[Site "Chess.com INT"]
[Date "2022.10.18"]
[Round "2"]
[White "Mohammadian, Mohammad"]
[Black "D'Arruda, Ricardo D"]
[Result "0-1"]
[WhiteElo "1398"]
[BlackElo "2271"]
[PlyCount "82"]
[EventDate "2022.10.18"]
[EventType "swiss (blitz)"]
[EventRounds "11"]
[EventCountry "USA"]
[SourceTitle "EXT 2024"]
[Source "ChessBase"]
[SourceDate "2023.10.10"]
[SourceVersion "1"]
[SourceVersionDate "2023.10.10"]
[SourceQuality "1"]

1. e4 c5 2. Nf3 Nc6 3. d4 cxd4 4. Nxd4 e5 5. Nb5 a6 6. Nd6+ Bxd6 7. Qxd6 Qe7 8. Qxe7+ Ngxe7 9. Nc3 Nb4 10. Bd3 d5 11. exd5 Bf5 12. Bxf5 Nxf5 13. Kd2 0-0-0 14. a3 Nxd5 15. Nxd5 Rxd5+ 16. Ke1 Nd4 17. c3 Nc2+ 18. Ke2 Nxa1 19. Be3 Nb3 20. Re1 Rhd8 21. f3 f6 22. h4 b5 23. g4 Kb7 24. h5 h6 25. Rf1 Na5 26. b4 Nc4 27. Bc1 Rd3 28. Kf2 Rd1 29. Rxd1 Rxd1 30. Be3 Nxe3 31. Kxe3 Ra1 32. Ke4 Rxa3 33. Kf5 Rxc3 34. Kg6 Rxf3 35. Kxg7 e4 36. Kxh6 e3 37. Kg6 e2 38. h6 e1Q 39. h7 Qe8+ 40. Kg7 Rh3 41. Kxf6 Rxh7 0-1

[Event "Titled Tuesday intern op 18th Oct Early"]
[Site "Chess.com INT"]
[Date "2022.10.18"]
[Round "11"]
[White "Mohammadian, Mohammad"]
[Black "Dilmukhametov, Artur"]
[Result "0-1"]
[WhiteElo "1398"]
[BlackElo "2276"]
[PlyCount "94"]
[EventDate "2022.10.18"]
[EventType "swiss (blitz)"]
[EventRounds "11"]
[EventCountry "USA"]
[SourceTitle "EXT 2024"]
[Source "ChessBase"]
[SourceDate "2023.10.10"]
[SourceVersion "1"]
[SourceVersionDate "2023.10.10"]
[SourceQuality "1"]

1. e4 e6 2. d4 d5 3. Nd2 Nf6 4. e5 Nfd7 5. Bd3 c5 6. c3 Nc6 7. Ne2 cxd4 8. cxd4 f6 9. Nf4 Nxd4 10. exf6 Qxf6 11. Nb3 Nxb3 12. Qxb3 Bd6 13. Ne2 0-0 14. 0-0 Bc5 15. Be3 Bd6 16. Bd4 Qh4 17. g3 Qg4 18. Be3 b6 19. Qc2 g6 20. Rac1 Bb7 21. Qb3 Qf3 22. Nd4 Qg4 23. Qd1 Qh3 24. Re1 e5 25. Bf1 Qh5 26. Qxh5 gxh5 27. Ne6 Rf6 28. Ng5 d4 29. Bd2 Raf8 30. Ne4 Re6 31. f3 Bc7 32. Bg2 Re7 33. Bb4 Nc5 34. Nxc5 bxc5 35. Bxc5 Ref7 36. Bxf8 Kxf8 37. Rc5 Bb8 38. Rec1 Kg7 39. R5c2 Ba6 40. Rc6 Bb7 41. R6c2 Bxf3 42. Bxf3 Rxf3 43. Rf1 Re3 44. Rcf2 Bd6 45. Rf7+ Kg8 46. R7f6 Bb4 47. Ra6 d3 0-1